000
00259nam a22001097a 4500
008
170124b xxu||||| |||| 00| 0 eng d
020
_a
9780071353977
041
_a
eng
080
_2
3RD
_a
618.2
245
_a
TRANSCULTURAL NURSING
_c
LEININGER, M
942
_2
udc
_c
BK
999
_c
3557
_d
3557